000 00511nam a2200181Ia 4500
008 240925s9999 xx 000 0 und d
020 _a130824305
082 _a005.74 MCG
100 _aMcguff, Francis
245 0 _aDeveloping Analytical Database Applications
250 _aNA
260 _aNew Jersey:
_bPrintice- Hall Int.
_c,1999.
300 _axv,556p.
_bNA
_fOriginal
500 _aIncludes Index
600 _aComputer Science
650 _aComputer science, information & general works
942 _cBK
999 _c7420
_d7420